000 004700000a22001690004500
003 MACL
005 20160108120852.0
008 160108b xxu||||| |||| 00| 0 eng d
040 _aMACL
_cMACL
041 _aEnglish
082 _a823/ORY
100 _aCassell And Company Ltd
_929498
245 _aA Kings Story
_bThe memoirs of H R H the duke of Windsor K G
260 _bCassell And Company Ltd
_c1951
_aLondon
650 _aStories
_929499
942 _cBK
_k823/ORY
_2ddc
999 _c37170
_d37170